000 00353nam a2200145Ia 4500
008 230718s9999 xx 000 0 und d
041 _aEng.
082 _a39554
_bJUS-G
100 _aJustice, Mughal Munir
245 0 _aghair qanoni bedakhli ka qanoon
260 _aPakistan
_bMuneeb Book House
_c2005
300 _a332
650 _aLaw
999 _c28390
_d28390